<?xml version="1.0" encoding="UTF-8"?><?xml-stylesheet type="text/xsl" href="static/style.xsl"?><OAI-PMH xmlns="http://www.openarchives.org/OAI/2.0/" xmlns:xsi="http://www.w3.org/2001/XMLSchema-instance" xsi:schemaLocation="http://www.openarchives.org/OAI/2.0/ http://www.openarchives.org/OAI/2.0/OAI-PMH.xsd"><responseDate>2026-04-18T04:18:58Z</responseDate><request verb="GetRecord" identifier="oai:www.recercat.cat:20.500.12327/3617" metadataPrefix="marc">https://recercat.cat/oai/request</request><GetRecord><record><header><identifier>oai:recercat.cat:20.500.12327/3617</identifier><datestamp>2025-10-22T11:01:07Z</datestamp><setSpec>com_2072_4428</setSpec><setSpec>com_2072_4427</setSpec><setSpec>col_2072_487898</setSpec></header><metadata><record xmlns="http://www.loc.gov/MARC21/slim" xmlns:dcterms="http://purl.org/dc/terms/" xmlns:xsi="http://www.w3.org/2001/XMLSchema-instance" xmlns:doc="http://www.lyncode.com/xoai" xsi:schemaLocation="http://www.loc.gov/MARC21/slim http://www.loc.gov/standards/marcxml/schema/MARC21slim.xsd">
   <leader>00925njm 22002777a 4500</leader>
   <datafield ind2=" " ind1=" " tag="042">
      <subfield code="a">dc</subfield>
   </datafield>
   <datafield ind2=" " ind1=" " tag="720">
      <subfield code="a">Tarres, Joaquim</subfield>
      <subfield code="e">author</subfield>
   </datafield>
   <datafield ind2=" " ind1=" " tag="720">
      <subfield code="a">JOVÉ JUNCÀ, TEODOR</subfield>
      <subfield code="e">author</subfield>
   </datafield>
   <datafield ind2=" " ind1=" " tag="720">
      <subfield code="a">Hernández‑Banqué, Carles</subfield>
      <subfield code="e">author</subfield>
   </datafield>
   <datafield ind2=" " ind1=" " tag="720">
      <subfield code="a">González-Rodríguez, Olga</subfield>
      <subfield code="e">author</subfield>
   </datafield>
   <datafield ind2=" " ind1=" " tag="720">
      <subfield code="a">Ganges, Llilianne</subfield>
      <subfield code="e">author</subfield>
   </datafield>
   <datafield ind2=" " ind1=" " tag="720">
      <subfield code="a">Gol, Sofia</subfield>
      <subfield code="e">author</subfield>
   </datafield>
   <datafield ind2=" " ind1=" " tag="720">
      <subfield code="a">Díaz, Marta</subfield>
      <subfield code="e">author</subfield>
   </datafield>
   <datafield ind2=" " ind1=" " tag="720">
      <subfield code="a">Reixach, Josep</subfield>
      <subfield code="e">author</subfield>
   </datafield>
   <datafield ind2=" " ind1=" " tag="720">
      <subfield code="a">Pena, Ramona N.</subfield>
      <subfield code="e">author</subfield>
   </datafield>
   <datafield ind2=" " ind1=" " tag="720">
      <subfield code="a">Quintanilla, Raquel</subfield>
      <subfield code="e">author</subfield>
   </datafield>
   <datafield ind2=" " ind1=" " tag="720">
      <subfield code="a">Ballester Devis, Maria</subfield>
      <subfield code="e">author</subfield>
   </datafield>
   <datafield ind2=" " ind1=" " tag="260">
      <subfield code="c">2024-12-18</subfield>
   </datafield>
   <datafield ind2=" " ind1=" " tag="520">
      <subfield code="a">Breeding animals to produce more robust and disease-resistant pig populations becomes a complementary strategy to the more conventional methods of biosecurity and vaccination. The objective of this study was to explore the ability of a panel of genetic markers and immunity parameters to predict the survival rates during a natural PRRSV outbreak. Ten-week-old female Duroc pigs (n = 129), obtained from 61 sows and 20 boars, were naturally infected with a highly pathogenic PRRSV genotype 1 strain. Prior to infection, piglets were screened for immunity parameters (IgG levels in plasma and SOX13 mRNA expression in blood) and genetic markers previously associated to PRRSV immune response and immunity traits. Additionally, the 20 boars were genotyped with a panel of 132 single nucleotide polymorphisms (SNPs). Survival analysis showed that mortality was significantly higher for animals with low basal IgG levels in plasma and/or high SOX13 mRNA expression in blood. The genotypes of sires for SNPs associated with IgG plasma levels, CRP in serum, percentage of γδ T cells, lymphocyte phagocytic capacity, total number of lymphocytes and leukocytes, and MCV and MCH were significantly associated with the number of surviving offspring. Furthermore, CD163 and GBP5 markers were also associated to piglet survival. The effects of these SNPs were polygenic and cumulative, survival decreased from 94 to 21% as more susceptible alleles were accumulated for the different markers. Our results confirmed the existence of genetic variability in survival after PRRSV infection and provided a set of genetic markers and immunity traits associated with PRRS resistance.</subfield>
   </datafield>
   <datafield ind1="8" ind2=" " tag="024">
      <subfield code="a">Tarrés, Joaquim, Teodor Jové-Juncà, Carles Hernández-Banqué, Olga González-Rodríguez, Llilianne Ganges, Sofia Gol, Marta Díaz, et al. 2024. “Insights Into Genetic Determinants of Piglet Survival During a PRRSV Outbreak.” Veterinary Research 55 (1): 160. https://doi.org/10.1186/s13567-024-01421-8.</subfield>
   </datafield>
   <datafield ind1="8" ind2=" " tag="024">
      <subfield code="a">0928-4249</subfield>
   </datafield>
   <datafield ind1="8" ind2=" " tag="024">
      <subfield code="a">http://hdl.handle.net/20.500.12327/3617</subfield>
   </datafield>
   <datafield ind1="8" ind2=" " tag="024">
      <subfield code="a">https://doi.org/10.1186/s13567-024-01421-8</subfield>
   </datafield>
   <datafield ind2="0" ind1="0" tag="245">
      <subfield code="a">Insights into genetic determinants of piglet survival during a PRRSV outbreak</subfield>
   </datafield>
</record></metadata></record></GetRecord></OAI-PMH>